000 00767nam a22002297a 4500
999 _c9737
_d9737
003 AR-CdUCM
008 190328b ||||| |||| 00| 0 spa d
040 _aMUNICIPALIDAD PROVINCIAL DEL CUSCO
_cBIBLIOTECA MUNICIPAL DEL CUSCO
082 _a868.5 /
_bP43E / 1922
100 _aPereda, José María de
_926152
245 _aEl sabor de la tierruca /
260 _aMadrid :
_bVictoriano Suárez ,
_c1922.
300 _a384 páginas ;
440 _aObras completas de José M. de Pereda
_nt.5
_926153
500 _aCon dedicatoria a Luis Nieto -- Donación de la familia Nieto
505 _aContenido : Novela
650 _aNovela española
_914093
650 _aNovela costumbres
_926154
650 _aLiteratura
_9416
942 _2ddc
_cLIBROS
945 _admma